Statistics for English premier league & championship football (soccer) stadiums

Click here to take the quiz!

General Stats

  • This quiz has been taken 1,460 times
    (1,084 since last reset)
  • The average score is 27 of 44

Answer Stats

Hint Answer % Correct
ArsenalEmirates Stadium
96%
Manchester UnitedOld Trafford
95%
ChelseaStamford Bridge
94%
LiverpoolAnfield
94%
Tottenham HotspurWhite Hart Lane
87%
Manchester CityEtihad Stadium
87%
EvertonGoodison Park
85%
SunderlandStadium of Light
84%
Aston VillaVilla Park
79%
West Ham UnitedLondon Stadium
77%
Leicester CityKing Power Stadium
77%
SouthamptonSt Mary's
76%
Crystal PalaceSelhurst Park
75%
Newcastle UnitedSt James's Park
75%
BurnleyTurf Moor
73%
FulhamCraven Cottage
71%
West Bromwich AlbionThe Hawthorns
65%
Hull CityKC Stadium
64%
MiddlesbroughRiverside Stadium
63%
Queens Park RangersLoftus Road
62%
BournemouthDean Court
62%
Leeds UnitedElland Road
62%
WatfordVicarage Road
60%
Swansea CityLiberty Stadium
57%
Norwich CityCarrow Road
55%
Birmingham CitySt Andrew's
55%
Wigan AthleticDW Stadium
54%
Sheffield WednesdayHillsborough
54%
Stoke CityBritannia Stadium
54%
Derby CountyiPro Stadium
53%
Blackburn RoversEwood Park
52%
Wolverhampton WanderersMolineux
49%
Brighton & Hove AlbionAmex Stadium
49%
Nottingham ForestCity Ground
44%
Bristol CityAshton Gate
41%
Cardiff CityCardiff City Stadium
41%
Preston North EndDeepdale
39%
Ipswich TownPortman Road
39%
BarnsleyOakwell Stadium
33%
Huddersfield TownJohn Smith's Stadium
31%
ReadingMadejski Stadium
30%
Rotherham UnitedNew York Stadium
30%
BrentfordGriffin Park
25%
Burton AlbionPirelli Stadium
24%

Score Distribution

Percentile by Number Answered

Percent of People with Each Score

Your Score History

You have not taken this quiz since the last reset